000 nam a22 7a 4500
999 _c127548
_d127548
008 180226b xxu||||| |||| 00| 0 eng d
050 _aBV3151
_b.S22 1954 vol.1
100 _aBasila De Sa, Artur
_939532
245 _aDocumentacao para a historia das missoes do padroado portugues do oriente
_cArtur Basilio
260 _aLisboa
_bDivisao De Publicacoes e Biblioteca
_c1954-
300 _axxxix, 654p, ;
_c25cm.
440 _vVolume 1 1506 - 1549
_939533
650 _aMissions, Portuese
_xHistory
_y16th. Century
_zAsia
_939534
942 _2lcc
_cMONOGRAPH